书目信息 |
| 题名: |
喧嚣与寂寞
|
|
| 作者: | 解玺璋 著 | |
| 分册: | ||
| 出版信息: | 呼和浩特 远方出版社 1997.12 |
|
| 页数: | 225页 | |
| 开本: | 20cm | |
| 丛书名: | 百角丛书 | |
| 单 册: | ||
| 中图分类: | I267 | |
| 科图分类: | ||
| 主题词: | 杂文--za wen--选集--中国--现代 | |
| 电子资源: | ||
| ISBN: | 7-80595-414-3 | |
| 000 | 00840nam 2200253 450 | |
| 001 | 012008147027 | |
| 005 | 20080424173506.51 | |
| 010 | @a7-80595-414-3@dCNY10.00 | |
| 100 | @a20080424d1997 km y0chiy0120 ea | |
| 101 | 0 | @achi |
| 102 | @aCN@b150000 | |
| 105 | @ay z 000cy | |
| 106 | @ar | |
| 200 | 1 | @a喧嚣与寂寞@Axuan xiao yu ji mo@f解玺璋著@Fjie xi zhang zhu |
| 210 | @a呼和浩特@c远方出版社@d1997.12 | |
| 215 | @a225页@d20cm | |
| 225 | 2 | @a百角丛书@Abai jiao cong shu@h第1辑@f贺雄飞主编 |
| 330 | @a本书包括第一辑 电影:娱乐的杂碎;第二辑 吹个泡泡逗你玩:第三辑 戏剧:新旧之交的小步舞曲。 | |
| 410 | 0 | @12001 @a百角丛书@1701 0@a贺雄飞@Ahe xiong fei@4主编 |
| 606 | 0 | @a杂文@Aza wen@x选集@y中国@z现代 |
| 690 | @aI267@v4 | |
| 701 | 0 | @a解玺璋@Ajie xi zhang@4著 |
| 801 | 0 | @aCN@bQSSK@c20080424 |
| 905 | @b20703810-12@dI267@eJ739@f3 | |
| 喧嚣与寂寞/解玺璋著.-呼和浩特:远方出版社,1997.12 |
| 225页;20cm.-(百角丛书.第1辑/贺雄飞主编) |
| ISBN 7-80595-414-3:CNY10.00 |
| 本书包括第一辑 电影:娱乐的杂碎;第二辑 吹个泡泡逗你玩:第三辑 戏剧:新旧之交的小步舞曲。 |
| ● |
| 相关链接 |
|
|
|
正题名:喧嚣与寂寞
索取号:I267/J739
 
预约/预借
| 序号 | 登录号 | 条形码 | 馆藏地/架位号 | 状态 | 备注 |
| 1 | 703810 | 207038105 | 文学库116/116文学库 4排4列6层/ [索取号:I267/J739] | 在馆 | |
| 2 | 703811 | 207038114 | 社科二线400B/116文学库 4排4列6层/ [索取号:I267/J739] | 在馆 | |
| 3 | 703812 | 207038123 | 文学库116/116文学库 4排4列6层/ [索取号:I267/J739] | 在馆 |